| 000 | 00833cam a2200301 4500 | ||
|---|---|---|---|
| 001 | 8776 | ||
| 005 | 20181127190711.0 | ||
| 008 | 080214s2009 enka b 001 0 eng | ||
| 010 | _a 2008006924 | ||
| 020 | _a0203892402 (ebk.) | ||
| 020 | _a0415772095 | ||
| 020 | _a0415772109 (pbk.) | ||
| 020 | _a9780203892404 (ebk.) | ||
| 020 | _a9780415772099 | ||
| 020 | _a9780415772105 (pbk.) | ||
| 082 | 0 | 0 |
_a332.4 _222 |
| 100 | 1 | _aHanda, Jagdish. | |
| 245 | 1 | 0 |
_aMonetary economics / _cJagdish Handa. |
| 250 | _a2nd ed. | ||
| 260 |
_aLondon ; _aNew York : _bRoutledge, _c2009. |
||
| 300 |
_axxvii, 842 p. : _bill. ; _c26 cm. |
||
| 504 | _aIncludes bibliographical references and index. | ||
| 650 | 0 | _aBanks and banking. | |
| 650 | 0 | _aMacroeconomics. | |
| 650 | 0 | _aMonetary policy. | |
| 650 | 0 | _aMoney supply. | |
| 650 | 0 | _aMoney. | |
| 999 |
_c7608 _d7608 |
||